La stratification du langage / (Record no. 177618)

MARC details
000 -LEADER
campo de control de longitud fija 01253namaa2200301 i 4500
001 - NÚMERO DE CONTROL
campo de control 177618
003 - IDENTIFICADOR DE NÚMERO DE CONTROL
campo de control ES-MaACL
005 - FECHA Y HORA DE LA ÚLTIMA TRANSACCIÓN
campo de control 20250726075519.0
008 - DATOS DE LONGITUD FIJA--INFORMACIÓN GENERAL
campo de control de longitud fija 110406s1869 fr | |||| ||fre d
040 ## - FUENTE DE CATALOGACIÓN
Centro catalogador/agencia de origen SpMaBN
Lengua de catalogación spa
Centro/agencia transcriptor SpMaBN
Normas de descripción rdc
080 ## - NÚMERO DE LA CLASIFICACIÓN DECIMAL UNIVERSAL
Número de la Clasificación Decimal Universal 81'44
080 ## - NÚMERO DE LA CLASIFICACIÓN DECIMAL UNIVERSAL
Número de la Clasificación Decimal Universal 811.1/.2
100 1# - ENTRADA PRINCIPAL--NOMBRE DE PERSONA
Nombre de persona Müller, Friedrich Max.
9 (RLIN) 84122
245 13 - MENCIÓN DEL TÍTULO
Título La stratification du langage /
Mención de responsabilidad, etc. par Max Muller ; [traduit par M. Havet]. La chronologie dans la formation des langues indo-européennes / par G. Curtius ; [traduit par M. Bergaigne].
260 ## - PUBLICACIÓN, DISTRIBUCIÓN, ETC.
Lugar de publicación, distribución, etc. Paris :
Nombre del editor, distribuidor, etc. A. Franck,
Fecha de publicación, distribución, etc. 1869.
300 ## - DESCRIPCIÓN FÍSICA
Extensión VII, 117 p. ;
Dimensiones 25 cm.
490 1# - MENCIÓN DE SERIE
Mención de serie Bibliothéque de l'école des hautes études. Sciences philologiques et historiques ;
Designación de volumen o secuencia fasc. 1
500 ## - NOTA GENERAL
Nota general Con portada propia cada parte.
650 #4 - PUNTO DE ACCESO ADICIONAL DE MATERIA--TÉRMINO DE MATERIA
Término de materia o nombre geográfico como elemento de entrada Lenguas-
Subdivisión general Clasificación.
9 (RLIN) 14354
650 04 - PUNTO DE ACCESO ADICIONAL DE MATERIA--TÉRMINO DE MATERIA
Término de materia o nombre geográfico como elemento de entrada Lenguas indoeuropeas-
Subdivisión de forma Historia.
9 (RLIN) 14361
700 1# - ENTRADA AGREGADA--NOMBRE PERSONAL
Nombre de persona Havet, Louis.
9 (RLIN) 127818
700 0# - ENTRADA AGREGADA--NOMBRE PERSONAL
Nombre de persona Curtius, Georg.
9 (RLIN) 42252
700 0# - ENTRADA AGREGADA--NOMBRE PERSONAL
Nombre de persona Bergaigne, Abel.
9 (RLIN) 27922
740 3# - ENTRADA AGREGADA--TÍTULO RELACIONADO/ANALÍTICO NO CONTROLADO
Título relacionado o analítico no controlado La chronologie dans la formation des langues indo-européennes.
830 00 - PUNTO DE ACCESO ADICIONAL DE SERIE-TÍTULO UNIFORME
Título uniforme Bibliothèque de l'École des Hautes Études. Sciences historiques et philologiques
Designación de volumen o secuencia fasc. 1
9 (RLIN) 229685
852 ## - LOCALIZACIÓN
Ubicación ES-MaACL
Número de control de estantería C-7544
Holdings
Estatus retirado Estado de pérdida Estado de daño No para préstamo Colección Biblioteca de origen Biblioteca actual Ubicación en estantería Fecha de adquisición Fuente de adquisición Total de préstamos Signatura topográfica completa Código de barras Visto por última vez Precio de reemplazo Tipo de ítem Koha
        Libros del s. XIX Biblioteca del Ateneo de Madrid Biblioteca del Ateneo de Madrid Sala Palomar 06/04/2011     C-7544 1186567 23/02/2023 23/02/2023 Libro impreso antiguo